000 00727nam a2200289Ia 4500
005 20260324111947.0
008 008 260324s9999 xx 000 0 eng d
020 _a9781032647739
037 _aEBOOK
040 _aCRL
040 _beng
040 _cCRL
041 _2eng
041 _aeng
084 _qCRL
100 _aStuart Beadnall; John Simpson; Max Lemanski
_91140722
245 0 _aLNG Offshore Production and Regasification
245 0 _bLegal and Commercial Risk Management
260 _bTaylor and Francis
260 _c2025
365 _a
365 _b450
856 _uhttp://www.taylorfrancis.com/books/9781032647739
942 _cEBOOK
999 _c1729731
_d1729731